First ladies /

Bibliographic Details
Main Author: Caroli, Betty Boyd
Format: Book
Language:English
Published: New York : Oxford University Press, 1987.
Subjects:

MARC

Tag First Indicator Second Indicator Subfields
LEADER 00000pam a2200000 a 4500
001 in00000577484
005 20151014073447.0
008 861105s1987 nyuaf b 00110ceng
010 |a  86028586  
020 |a 0195037685 :  |c $19.95 
035 |a (OCoLC)14819300 
035 |9 ACP4512AM 
040 |a DLC  |c DLC  |d TXA  |d UtOrBLW 
043 |a n-us--- 
049 |a TXAM  |c [A10135202] 
050 0 0 |a E176.2  |b .C37 1987 
082 0 |a 973/.09/92  |a B  |2 19 
100 1 |a Caroli, Betty Boyd. 
245 1 0 |a First ladies /  |c Betty Boyd Caroli. 
264 1 |a New York :  |b Oxford University Press,  |c 1987. 
300 |a xxii, 398 pages, 36 pages of plates :  |b illustrations ;  |c 24 cm. 
336 |a text  |b txt  |2 rdacontent 
337 |a unmediated  |b n  |2 rdamedia 
338 |a volume  |b nc  |2 rdacarrier 
500 |a Includes index. 
504 |a Bibliography: pages 331-382. 
650 0 |a Presidents' spouses  |z United States  |v Biography. 
999 |a MARS 
999 f f |s 37b7c66d-1ea7-306f-9792-68e984a37317  |i cc8a151b-ae32-3e4b-aa10-6546443b1b02  |t 0 
952 f f |p ric  |a Texas A&M University  |b Rellis Campus  |c Joint Library Facility  |d Remote Storage  |t 0  |e E176.2 .C37 1987  |h Library of Congress classification  |i unmediated -- volume  |m A14810135202 
998 f f |a E176.2 .C37 1987  |t 0  |l Remote Storage